| 000 | 00451cam a2200181ua 4500 | ||
|---|---|---|---|
| 020 | _c2.25 | ||
| 041 |
_amal _h |
||
| 082 |
_a894.8124 _bKRI/GR |
||
| 100 | _aKrishna Pillai, Kuttipuzha. | ||
| 245 |
_aGrandhavalokanam / _cKuttippuzha Krishna Pillai. _hTextual Documents |
||
| 260 |
_aThrissur : _bCurrent Books , _c1959. |
||
| 300 | _a122 ; . | ||
| 365 | _a2.25 | ||
| 504 | _a | ||
| 942 | _cBK | ||
| 999 |
_c5826 _d5826 |
||